Online Catalogue and eLibrary

The home and the world (Record no. 3103)

MARC details
000 -LEADER
fixed length control field 00833nam a2200157Ia 4500
005 - DATE AND TIME OF LATEST TRANSACTION
control field 20240826020552.0
008 - FIXED-LENGTH DATA ELEMENTS--GENERAL INFORMATION
fixed length control field 240331s9999 xx 000 0 und d
020 ## - INTERNATIONAL STANDARD BOOK NUMBER
ISBN 0140079610
082 ## - DDC Classification
Item Number - Author Mark TAG
Class No. 800
100 ## - MAIN ENTRY--PERSONAL NAME
Personal name Tagore, R
245 #4 - TITLE STATEMENT
Title The home and the world
260 ## - PUBLICATION, DISTRIBUTION, ETC.
Place of publication, distribution, etc. India
Name of publisher, distributor, etc. Penguin books
Date of publication, distribution, etc. 1985
300 ## - PHYSICAL DESCRIPTION
Extent (e.g. Volumes, Pages etc.) 203 p .,
500 ## - GENERAL NOTE
General note Rabindranath Tagore's powerful novel, Set on a Bengali noble's estate in 1908, is both a love story and a novel of political awakening. The Central Character, Bimala, is torn between the duties owed to her husband, Nikhil, and the demands made on her by the radical leader Sandip. Her attempts to resolve the irreconcilable pressures of the home and the world reflect the conflict in India itself and the tragic outcome foreshadows the unrest which accompanied partition in 1947
942 ## - Koha item type (Biblio)
Koha item type Books in Stacks (Lending)
Holdings
Lost status Damaged status Collection code Home library Current library Shelving location Date acquired Full call number Accession Number Item type
    Lending WERC Library WERC Library Social Science Cupboard 03/31/2024 800 TAG 1351 Books in Stacks (Lending)

© WERC Library